000 00343cam a2200145ua 4500
041 _aeng
_h
082 _a828.09
_bLAN/AP
100 _aLang , Andrew .
245 _aApproach to Shakespeare /
_cAndrew Lang.
_hTextual Documents
260 _aLondon :
_bNelson ,
_c1966.
300 _a256 ; .
504 _a
942 _cBK
999 _c868
_d868